Padre espiritual, tratado de su gobierno según el espíritu del glorioso San Francisco de Sales.

Detalles Bibliográficos
Autor principal: CAUSINO, Nicolás
Formato: Libro
Publicado: Madrid 1678
Materias:
Colección:Banco de datos
Acervo:Biblioteca del Convento de Santa Mónica de la Ciudad de Puebla. Puebla
Tema general:Ascética
Notas:Regular. F3, 12.
LEADER 00721nam a22001930004500
035 |a 51989 
036 |a 1757 
100 1 |a CAUSINO, Nicolás 
245 1 0 |a Padre espiritual, tratado de su gobierno según el espíritu del glorioso San Francisco de Sales.  |c tr. Francisco de Cubillas Donyague 
260 |a Madrid  |b ed. Gabriel de León, imp. Melchor Sánchez  |c 1678 
500 |a Regular. F3, 12. 
650 1 0 |a Ascética 
949 |a CRP-SM 
959 |a Ex convento de Santa Mónica. Puebla, Puebla  |b CCC5 
960 |a Convento de Santa Mónica de la ciudad de Puebla  |b DD88 
961 |a Franciscana  |b OF 
942 |c CRP-SM 
943 |g Biblioteca del Convento de Santa Mónica de la Ciudad de Puebla. Puebla 
999 |c 962327  |d 962327